000 00586nam a2200205Ia 4500
005 20260114185904.0
008 008 260114s9999 xx 000 0 eng d
020 _a9781350219328
037 _aEBOOK
040 _aCRL
_beng
_cCRL
041 _aeng
_2eng
084 _qCRL
100 _aTheodore Trefon
_9875723
245 0 _aCongo's Environmental Paradox
260 _bBloomsbury
_c2016
650 _aAfrican Studies
_9875724
856 _uhttps://doi.org/10.5040/9781350219328?locatt=label:secondary_bloomsburyCollections
942 _cEBOOK
999 _c1474519
_d1474519